LEADER 00825naa a2200169 i 4500 001 000000304191 003 CaOOAMICUS 005 20180831172814.0 008 180831n it u000 u ita u 013 $a12008 040 $aSeMil$bita 100 1 $aBattaglia, Vincenzo,$d<1950- >.$0(OLS)http://semarc/name/10961 245 10$aCondividere i sentimenti di Cristo :$bdalla sponsalità alla contemplazione. 650 4$aCristologia.$0(OLS)http://semarc/subject/173 650 4$aPreghiera - Contemplazione.$0(OLS)http://semarc/subject/1696 773 0 $aBattaglia, Vincenzo <1950- >$tGesù di Nazaret Figlio di Adamo, Figlio di Dio.$dMilano : Paoline, 2000.$kCammini dello Spirito$z88-315-2034-2$gp.[255]-296$w()76492 996 $6245$aCondividere i sentimenti di Cristo :$bdalla sponsalità alla contemplazione$9(OLS)http://semarc/title/380133 LEADER 00649nam a2200193 i 4500 001 000000108332 003 CaOOAMICUS 005 20101216000000.0 008 101216n it u000 u ita u 013 $a80974 040 $aSeMil$bita 245 10$a1. 300 $a133 p. , 24 cm. 500 $aPro manuscripto. 773 0 $aHonings, Bonifacio$tDivorzio, nuove nozze o concubinato?.$dRoma : Pontificia Università Lateranense, 1971-1972.$g1$w()24079 850 $aSeMil 852 $aSeMil$W1$xVenegono$y1$m2I III 163$j64428$B64428$CSeMilBibl$Z2$F158292 $81 961 $aOmaggio: Calcaterra don Carlo 996 $6245$a1$9(OLS)http://semarc/title/6508